Statistics for Top 5 in 5-Letters

Click here to take the quiz!

General Stats

  • This quiz has been taken 48 times
  • The average score is 19 of 30

Answer Stats

Hint#Answ% Correct
Biggest Countries1China
100%
Most Populous Countries1China
100%
Biggest Countries2India
98%
Most Populous Countries2India
98%
Biggest Capital Cities1Tokyo
86%
Smallest Countries1Nauru
84%
Least Populous Countries1Nauru
84%
Most Populous Countries3Japan
79%
Smallest Countries3Palau
77%
Least Populous Countries2Palau
77%
Smallest Countries5Samoa
77%
Least Populous Countries4Samoa
77%
Biggest Capital Cities2Cairo
70%
Biggest Countries5Niger
65%
Most Populous Countries4Egypt
63%
Least Populous Countries3Tonga
63%
Smallest Countries4Tonga
63%
Most Populous Countries5Italy
60%
Smallest Countries2Malta
58%
Least Populous Countries5Malta
58%
Biggest Countries3Sudan
53%
Biggest Countries4Libya
51%
Smallest Capital Cities3Tunis
47%
Smallest Capital Cities4Abuja
42%
Biggest Capital Cities3Seoul
42%
Biggest Capital Cities4Dhaka
40%
Biggest Capital Cities5Hanoi
40%
Smallest Capital Cities1Vaduz
37%
Smallest Capital Cities5La Paz
26%
Smallest Capital Cities2Praia
21%

Score Distribution

Percentile by Number Answered

Percent of People with Each Score

Your Score History

You have not taken this quiz